| 000 | 00510cam a2200193 4500 | ||
|---|---|---|---|
| 001 | D7665 | ||
| 008 | 090401t1979 xxu||||| |||| 00| 0 eng d | ||
| 035 | _a(Sirsi) u8773 | ||
| 041 | _aeng | ||
| 050 | _a526.98 | ||
| 110 |
_aOrdnance Survey Review Committee _91795 |
||
| 245 | _aReport of the Ordnance Survey Review Committee | ||
| 260 |
_aLondon _bHMSO _c1979 |
||
| 300 | _axiii. 185p. 30cm. map in back pocket | ||
| 350 | _a20 | ||
| 700 |
_aSerpell, David _xChairman |
||
| 942 | _n0 | ||
| 948 | _c04/03/1997 | ||
| 999 |
_c86562 _d86562 |
||